000 00709nam a2200205 i 4500
001 146172
003 ES-MaACL
005 20250514194824.0
007 t|
008 070904s1972 sp ||||1| spa d
080 _a830(436)-1"19"
100 1 _aTrakl, Georg (
_d1887-1914)
_9111215
245 1 0 _aCantos de muerte
_b: antología de poemas /
_cGeorg Trakl ; selección, traducción y estudio previo de Antelika Becker ; introducción de Carlos Bousoño.
260 _a[Madrid] :
_bAl-borak,
_c[1972]
300 _a124 p. ;
_c21 cm.
700 1 _aBecker, Angélika.
_9163524
700 1 _aBousoño, Carlos,
_d1923-2015
_931032
852 _aES-MaACL
_jC-44756
_bR.83941
999 _c146172
_d146172